000 00629nam a2200217 a 4500
999 _c3047
_d3047
001 3047
003 BD-JhCC
005 20171115110325.0
008 171109s1368 bg |||| ||a| 000 0 ben d
035 _a(BD-JhCC)3047
040 _aBD-JhCC
_dBD-JhCC
041 _aben
082 _a891.442
_bSHA 1368
100 _aশাইখ, আসকার ইবনে
245 _aরক্তপদ্ম /
_cআসকার ইবনে শাইখ
260 _aঢাকা :
_bবাংলা একাডেমী,
_c১৩৬৮.
300 _a69 p. :
_c20 cm.
650 _aBengali Drama
942 _2ddc
_cBK